|
|
|
|
| LEADER |
00678ncm a22002172a 4500 |
| 001 |
001084222 |
| 003 |
CZ BrMZK |
| 005 |
20110222154217.0 |
| 007 |
qu |
| 008 |
100127s1950 xr |||||||||||||||||cze d |
| 040 |
|
|
|a BOA001
|b cze
|
| 072 |
|
7 |
|a 784
|x Vokální hudba
|2 Konspekt
|9 9
|
| 100 |
1 |
|
|a Čuma, Alois,
|d 1903-1966
|7 jk01021941
|4 cmp
|
| 245 |
1 |
0 |
|a Pro maminky
|h [hudebnina] :
|b polka : zábavní orchestr /
|c Alois Čuma
|
| 260 |
|
|
|a [Brno] :
|b A. Čuma,
|c [1950?]
|
| 300 |
|
|
|a 17 hlasů
|
| 500 |
|
|
|a Rozmnoženo
|
| 910 |
|
|
|a BOA001
|b Mus2-0598.060
|
| 990 |
|
|
|a MU
|
| 991 |
|
|
|b 201001
|
| 996 |
6 |
|
|b 2619439758
|c Mus2-0598.060
|l MZK
|r Sklad / do 1 hodiny
|n 0
|w 001106895
|u 000010
|a 1
|e BOA001
|j MZK50
|s P
|